02522nam a22002297a 450000500170000000800410001702000180005804000070007604100080008308200180009110000270010924500130013626000370014930000230018636500500020952017570025965000280201665000260204494200120207099900190208295201910210120251104163454.0251104b |||||||| |||| 00| 0 eng d a9781398530126 cAL aeng a823.914bROBR aLauren Roberts9243904 aReckless aLondonbSimon and Schusterc2024 a394p.bPBc20x13cm 2Englisha4241b₹479.20c₹d₹599.00e20% aTHE INSTANT NEW YORK TIMES BESTSELLING SERIES! Praise for Powerless: ‘Nothing short of epic’ Rosie Talbot, bestselling author of Sixteen Souls 'A thrilling fantasy with the most delicious slow-burn romance' M.A. Kuzniar, bestselling author of Midnight in Everwood ‘A masterpiece’ Goodreads Reader Review ‘Everyone needs to read it’ TikTok Review ‘The BEST book I’ve read’ NetGalley Reader Review ‘A sizzling slice of fantasy romance’ Booksellers Review ‘Incredible and impressive’ Goodreads Reader Reader ‘A riveting fantasy debut’ Bookseller Review ‘This destroyed me... In a good way!’ Bookseller Review With more than 35 million views on TikTok, the second heart-racing instalment in this bestselling and sizzling fantasy romance trilogy. Perfect for fans of Fourth Wing and The Hunger Games. The kingdom of Ilya is in turmoil… After surviving the Purging Trials, Ordinary-born Paedyn Gray has killed the King, and kickstarted a Resistance throughout the land. Now she’s running from the one person she had wanted to run to. Kai Azer is now Ilya’s Enforcer, loyal to his brother Kitt, the new King. He has vowed to find Paedyn and bring her to justice. Across the deadly Scorches, and deep into the hostile city of Dor, Kai pursues the one person he wishes he didn’t have to. But in a city without Elites, the balance between the hunter and hunted shifts – and the battle between duty and desire is deadly. Be swept away by this bestselling, dagger-to-the-throat romantasy trilogy taking the world by storm. Powerless available now. Powerful, the not-to-be-missed story set in the world of Powerless coming April 2024. Pre-order now. Follow Lauren Roberts on TikTok and Instagram @LaurenRobertsLibrary. aEnglish Fiction9243714 aEnglish Novel9243726 2ddccBK c240653d240653 00102ddc40708ENGaALbALcSKd2025-10-30eBiblios Book Point, Surathkal, Mangalore-575014g479.20l4m1o823.914 ROBRp077975r2026-03-27 12:52:17s2026-03-07v599.00w2025-10-25yBK